[Event "Heusenstamm Schloss op"]
[Site "Heusenstamm"]
[Date "2023.11.25"]
[Round "5"]
[White "Von Wahden, Jens"]
[Black "Woods, Yannick"]
[Result "0-1"]
[WhiteElo "1904"]
[BlackElo "1801"]
[PlyCount "85"]
[EventDate "2023.11.23"]
[EventType "swiss"]
[EventRounds "7"]
[EventCountry "GER"]
[SourceTitle "CB50_2023"]
[SourceDate "2023.12.13"]
[SourceVersion "1"]
[SourceVersionDate "2023.12.13"]
[SourceQuality "1"]

1. d4 Nf6 2. c4 e6 3. Nf3 b6 4. g3 Bb7 5. Bg2 Bb4+ 6. Bd2 Bxd2+ 7. Qxd2 d6 8. 0-0 0-0 9. Nc3 Nbd7 10. Rfd1 Qe7 11. Rac1 Ne4 12. Qc2 Nxc3 13. Qxc3 Nf6 14. b4 c5 15. dxc5 dxc5 16. b5 Rfd8 17. Ne5 Bxg2 18. Kxg2 a6 19. Nc6 Qb7 20. Qf3 Rxd1 21. Rxd1 Kf8 22. a4 axb5 23. axb5 Re8 24. Qd3 Kg8 25. f3 h6 26. Qd6 Ra8 27. h4 Ne8 28. Qd3 Kh8 29. Ne5 Nf6 30. Kf2 Qc7 31. Qd6 Ra7 32. Qf8+ Kh7 33. Nc6 Ra3 34. Qd6 Qb7 35. Nd8 Qa7 36. Qf8 Qa4 37. Re1 Qxc4 38. Nxf7 Qd4+ 39. Kf1 Ne4 40. fxe4 Rxg3 41. Ng5+ hxg5 42. e3 Qxe4 43. Kf2 0-1

[Event "Rhein Main op-A 25th"]
[Site "Bad Homburg"]
[Date "2023.06.10"]
[Round "5"]
[White "Mueller, Christian"]
[Black "Von Wahden, Jens"]
[Result "1-0"]
[WhiteElo "2219"]
[BlackElo "1810"]
[PlyCount "97"]
[EventDate "2023.06.07"]
[EventType "swiss"]
[EventRounds "7"]
[EventCountry "GER"]
[SourceTitle "CBM 215 Extra"]
[Source "ChessBase"]
[SourceDate "2023.09.30"]
[SourceVersion "1"]
[SourceVersionDate "2023.09.30"]
[SourceQuality "1"]

1. e4 e6 2. d4 d5 3. Nc3 Nf6 4. e5 Nfd7 5. Nce2 c5 6. c3 Nc6 7. Nf3 cxd4 8. cxd4 f6 9. Nf4 Nb6 10. exf6 Qxf6 11. Bb5 Bb4+ 12. Bd2 0-0 13. Bxb4 Nxb4 14. Nd3 Nxd3+ 15. Bxd3 Bd7 16. 0-0 Be8 17. Ne5 Nd7 18. Ng4 Qg5 19. g3 h5 20. Ne3 Bg6 21. Ng2 Bxd3 22. Qxd3 Rae8 23. Rae1 Nf6 24. Re5 Qh6 25. Nf4 Ne4 26. Rxh5 Qf6 27. f3 g5 28. Ng2 Qf7 29. g4 Nf6 30. Rxg5+ Kh8 31. Nf4 Nh7 32. Ng6+ Kg7 33. Ne5+ Nxg5 34. Nxf7 Nh3+ 35. Kh1 Rxf7 36. Qe3 Nf4 37. h4 Rh8 38. h5 Kf8 39. Kh2 Nxh5 40. gxh5 Rxh5+ 41. Kg2 Rg7+ 42. Kf2 Rh2+ 43. Ke1 Rgg2 44. Rg1 Rxg1+ 45. Qxg1 Rxb2 46. Qe3 Rxa2 47. Qxe6 a5 48. Qxd5 a4 49. Qxa2 1-0

[Event "Rhein Main op-A 25th"]
[Site "Bad Homburg"]
[Date "2023.06.10"]
[Round "6"]
[White "Von Wahden, Jens"]
[Black "Dunsbach, Ralf"]
[Result "1-0"]
[WhiteElo "1810"]
[BlackElo "2122"]
[PlyCount "73"]
[EventDate "2023.06.07"]
[EventType "swiss"]
[EventRounds "7"]
[EventCountry "GER"]
[SourceTitle "CBM 215 Extra"]
[Source "ChessBase"]
[SourceDate "2023.09.30"]
[SourceVersion "1"]
[SourceVersionDate "2023.09.30"]
[SourceQuality "1"]

1. d4 Nf6 2. c4 g6 3. Nf3 Bg7 4. Nc3 d5 5. Qb3 dxc4 6. Qxc4 0-0 7. e4 Na6 8. Be2 c5 9. d5 e6 10. 0-0 exd5 11. exd5 Bf5 12. Rd1 h6 13. Be3 Re8 14. Qa4 Ne4 15. Rac1 Qb6 16. Qb5 Nc7 17. Qxb6 axb6 18. d6 Nxc3 19. bxc3 Ne6 20. Rd2 Red8 21. Nh4 Be4 22. Bf3 Bxf3 23. Nxf3 f5 24. d7 f4 25. Rd6 fxe3 26. Rxe6 exf2+ 27. Kf1 Rxd7 28. Rxg6 Rxa2 29. Rxb6 Bxc3 30. Rxh6 b5 31. Rh5 Bb4 32. Rf5 Re7 33. Rd1 Kg7 34. h4 Rae2 35. Rd6 Rb2 36. Ne5 Bc3 37. Rg6+ 1-0

[Event "Rhein Main op-B 24th"]
[Site "Bad Homburg"]
[Date "2022.06.18"]
[Round "5"]
[White "Krychevskiy, Dmytro"]
[Black "Von Wahden, Jens"]
[Result "1-0"]
[WhiteElo "1919"]
[BlackElo "1644"]
[PlyCount "119"]
[EventDate "2022.06.15"]
[EventType "swiss"]
[EventRounds "7"]
[EventCountry "GER"]
[SourceTitle "EXT 2023"]
[Source "ChessBase"]
[SourceDate "2022.10.05"]
[SourceVersion "1"]
[SourceVersionDate "2022.10.05"]
[SourceQuality "1"]

1. e4 c6 2. d4 d5 3. e5 c5 4. c3 Nc6 5. Nf3 Bg4 6. Nbd2 e6 7. Be2 cxd4 8. cxd4 Nh6 9. 0-0 Nf5 10. h3 Bxf3 11. Nxf3 Qb6 12. Be3 Be7 13. a3 0-0 14. Qd3 f6 15. exf6 Bxf6 16. Rfd1 Na5 17. b4 Nc4 18. Qb3 Rac8 19. g4 Nfxe3 20. fxe3 Qc7 21. Kg2 Nd6 22. Bd3 Qc3 23. Rab1 Rc7 24. a4 Rfc8 25. Kf2 Qxb3 26. Rxb3 Rc3 27. Rdb1 Ne4+ 28. Kg2 Ng5 29. Nxg5 Bxg5 30. Kf3 Rf8+ 31. Kg3 Rfc8 32. Kf3 Rc1 33. Ke2 h6 34. Kd2 R1c7 35. Rf1 Rf7 36. Rbb1 Rcf8 37. Rxf7 Rxf7 38. Rc1 Rf3 39. Rc8+ Kf7 40. Rc7+ Kf6 41. Rxb7 Rxe3 42. h4 Bf4 43. Kc3 Rg3 44. g5+ hxg5 45. hxg5+ Bxg5 46. Rxa7 Be3 47. Be2 Bf2+ 48. Kc2 Bxd4 49. Ra8 Ke7 50. a5 Kd7 51. b5 Kc7 52. Re8 e5 53. b6+ Kc6 54. Rc8+ Kb7 55. Rc7+ Kb8 56. Ba6 Rg2+ 57. Kd3 Rg3+ 58. Ke2 Rc3 59. Rxg7 Rc2+ 60. Kd1 1-0

[Event "Rhein Main op-B 24th"]
[Site "Bad Homburg"]
[Date "2022.06.17"]
[Round "4"]
[White "Von Wahden, Jens"]
[Black "Francke, Helmut"]
[Result "1-0"]
[WhiteElo "1644"]
[BlackElo "1931"]
[PlyCount "51"]
[EventDate "2022.06.15"]
[EventType "swiss"]
[EventRounds "7"]
[EventCountry "GER"]
[SourceTitle "EXT 2023"]
[Source "ChessBase"]
[SourceDate "2022.10.05"]
[SourceVersion "1"]
[SourceVersionDate "2022.10.05"]
[SourceQuality "1"]

1. d4 Nf6 2. c4 e6 3. Nf3 Bb4+ 4. Bd2 a5 5. g3 0-0 6. Bg2 Qe7 7. 0-0 c5 8. a3 Bxd2 9. Qxd2 d6 10. Nc3 Bd7 11. Rad1 Bc6 12. dxc5 dxc5 13. Ne5 Bxg2 14. Kxg2 Rc8 15. Qd6 Kf8 16. Rd3 Qxd6 17. Rxd6 Ra6 18. Rfd1 Ke7 19. R6d3 Ne8 20. Nb5 f6 21. Nd7 Rd8 22. Nxc5 Rxd3 23. Rxd3 Ra8 24. Nxb7 Nc6 25. f4 e5 26. Nc5 1-0

[Event "DSOL 06 Liga Final 1st"]
[Site "Playchess.com INT"]
[Date "2020.08.28"]
[Round "1.1"]
[White "Von Wahden, Jens"]
[Black "Mueller, Marvin"]
[Result "1/2-1/2"]
[WhiteElo "1643"]
[BlackElo "1721"]
[PlyCount "95"]
[EventDate "2020.06.22"]
[EventType "team-k.o. (rapid)"]
[EventCountry "GER"]
[SourceTitle "EXT 2021"]
[Source "ChessBase"]
[SourceDate "2020.10.23"]
[SourceVersion "1"]
[SourceVersionDate "2020.10.23"]
[SourceQuality "1"]
[WhiteTeam "Oberursel II"]
[BlackTeam "Hamburger SK VI"]
[WhiteTeamCountry "GER"]
[BlackTeamCountry "GER"]

1. d4 Nf6 2. c4 c5 3. d5 b5 4. cxb5 a6 5. bxa6 g6 6. Nc3 Bg7 7. Nf3 0-0 8. g3 d6 9. Bg2 Nbd7 10. Rb1 Nb6 11. Nd2 Bxa6 12. 0-0 Qc7 13. Re1 Nfd7 14. Nf3 Rfb8 15. e4 Nc4 16. Qc2 Nce5 17. Nxe5 Nxe5 18. Rd1 Bc4 19. b3 Bd3 20. Rxd3 Nxd3 21. Qxd3 Qa5 22. Bb2 Bxc3 23. Qxc3 Qxc3 24. Bxc3 Rxa2 25. e5 Ra3 26. exd6 exd6 27. Bf6 Raxb3 28. Rxb3 Rxb3 29. Kf1 h6 30. h4 Rb7 31. Ke2 Kf8 32. Ke3 Rb4 33. Be4 Ke8 34. h5 gxh5 35. Bg7 Ke7 36. Bxh6 Kf6 37. Bf4 Rb6 38. Bf3 Kg6 39. Be4+ f5 40. Bf3 Rb3+ 41. Ke2 c4 42. Bg2 Rd3 43. Bxd6 Kf6 44. Bf4 Rd4 45. Ke3 Rd3+ 46. Ke2 Rd4 47. Ke3 Rd3+ 48. Ke2 1/2-1/2

[Event "DSOL 06 Liga Gr-A 1st"]
[Site "Playchess.com INT"]
[Date "2020.08.12"]
[Round "2.1"]
[White "Zhou, Lepu Coco"]
[Black "Von Wahden, Jens"]
[Result "0-1"]
[WhiteElo "1868"]
[BlackElo "1643"]
[PlyCount "80"]
[EventDate "2020.06.22"]
[EventType "team-tourn (rapid)"]
[EventCountry "GER"]
[SourceTitle "EXT 2021"]
[Source "ChessBase"]
[SourceDate "2020.10.23"]
[SourceVersion "1"]
[SourceVersionDate "2020.10.23"]
[SourceQuality "1"]
[WhiteTeam "Weisse Dame II"]
[BlackTeam "Oberursel II"]
[WhiteTeamCountry "GER"]
[BlackTeamCountry "GER"]

1. e4 e6 2. d4 d5 3. Nc3 Nf6 4. Bg5 dxe4 5. Nxe4 Nbd7 6. Nf3 h6 7. Bxf6 Nxf6 8. Nxf6+ Qxf6 9. Bd3 Bd6 10. Qe2 Bd7 11. 0-0 0-0 12. c3 Bc6 13. Nd2 Qh4 14. h3 Qg5 15. Be4 Bxe4 16. Nxe4 Qf4 17. Nxd6 cxd6 18. Qe3 Qf5 19. Rae1 Rfc8 20. Qe4 Qxe4 21. Rxe4 d5 22. Re5 b5 23. f4 a5 24. f5 Rc6 25. fxe6 fxe6 26. g4 b4 27. g5 hxg5 28. Rf3 bxc3 29. bxc3 Rac8 30. Ree3 Rb8 31. Kf2 Rb2+ 32. Re2 Rxe2+ 33. Kxe2 Rb6 34. Rd3 Rb2+ 35. Rd2 Rxd2+ 36. Kxd2 Kh7 37. Kd3 Kg6 38. c4 dxc4+ 39. Kxc4 Kf5 40. Kc5 g4 0-1

[Event "DSOL 06 Liga Gr-A 1st"]
[Site "Playchess.com INT"]
[Date "2020.08.05"]
[Round "7.1"]
[White "Dangelmayer, Frank"]
[Black "Von Wahden, Jens"]
[Result "1-0"]
[WhiteElo "1966"]
[BlackElo "1643"]
[PlyCount "45"]
[EventDate "2020.06.22"]
[EventType "team-tourn (rapid)"]
[EventCountry "GER"]
[SourceTitle "EXT 2021"]
[Source "ChessBase"]
[SourceDate "2020.10.23"]
[SourceVersion "1"]
[SourceVersionDate "2020.10.23"]
[SourceQuality "1"]
[WhiteTeam "Friedrichshagen"]
[BlackTeam "Oberursel II"]
[WhiteTeamCountry "GER"]
[BlackTeamCountry "GER"]

1. e4 e6 2. d4 d5 3. Nc3 Nf6 4. Bg5 dxe4 5. Nxe4 Nbd7 6. Bd3 h6 7. Bh4 Be7 8. Qf3 0-0 9. Ne2 Nd5 10. Bxe7 Qxe7 11. c3 N7f6 12. 0-0-0 Bd7 13. g4 Bc6 14. Rhg1 Nxe4 15. Bxe4 Qf6 16. Qxf6 gxf6 17. Ng3 Ne7 18. Nh5 Bxe4 19. Nxf6+ Kg7 20. Nxe4 Kh7 21. g5 hxg5 22. Rxg5 Kh6 23. Rd3 1-0

[Event "Rhein Main op-A 22nd"]
[Site "Bad Homburg"]
[Date "2019.06.21"]
[Round "4"]
[White "Zilch, Lothar"]
[Black "Von Wahden, Jens"]
[Result "1-0"]
[WhiteElo "1885"]
[BlackElo "1661"]
[PlyCount "107"]
[EventDate "2019.06.19"]
[EventType "swiss"]
[EventRounds "9"]
[EventCountry "GER"]
[SourceTitle "EXT 2020"]
[Source "ChessBase"]
[SourceDate "2019.10.17"]
[SourceVersion "1"]
[SourceVersionDate "2019.10.17"]
[SourceQuality "1"]

1. d4 Nf6 2. Nf3 e6 3. Bf4 b6 4. e3 Bb7 5. Nbd2 d5 6. Bd3 Nbd7 7. Rc1 Nh5 8. Ne5 Nxf4 9. exf4 Bd6 10. Qh5 Qe7 11. 0-0 Nf6 12. Qh4 0-0 13. f3 c5 14. dxc5 Bxc5+ 15. Kh1 g6 16. Nb3 Nh5 17. Qxe7 Bxe7 18. g3 Rac8 19. Nd4 Bc5 20. c3 Rfd8 21. Rfe1 a6 22. Bf1 Rc7 23. Bh3 Ng7 24. Nb3 Bd6 25. Kg2 Rdc8 26. Nd4 b5 27. a3 Bc5 28. Nb3 Bb6 29. Rcd1 Kf8 30. Nd4 Ne8 31. g4 Nd6 32. f5 gxf5 33. gxf5 Bxd4 34. Rxd4 Nxf5 35. Bxf5 exf5 36. Rh4 f6 37. Nd3 Re8 38. Rxe8+ Kxe8 39. Rh6 d4 40. cxd4 Rc2+ 41. Kg3 Rd2 42. Nc5 Bd5 43. Rxf6 Rxb2 44. Nxa6 Bc4 45. Rxf5 Rb3 46. Rh5 Rxa3 47. Nc5 Bd3 48. Re5+ Kf7 49. Re3 b4 50. Rxd3 Rxd3 51. Nxd3 b3 52. d5 Kg6 53. Kf4 Kf6 54. Ke4 1-0

[Event "Rhein Main op-B 21st"]
[Site "Bad Homburg"]
[Date "2018.05.31"]
[Round "3"]
[White "Feicht, Arno"]
[Black "Von Wahden, Jens"]
[Result "1-0"]
[WhiteElo "1929"]
[BlackElo "1572"]
[PlyCount "69"]
[EventDate "2018.05.30"]
[EventType "swiss"]
[EventRounds "7"]
[EventCountry "GER"]
[SourceTitle "EXT 2019"]
[Source "ChessBase"]
[SourceDate "2018.10.10"]
[SourceVersion "1"]
[SourceVersionDate "2018.10.10"]
[SourceQuality "1"]

1. e4 c6 2. d4 d5 3. f3 dxe4 4. fxe4 e5 5. Nf3 exd4 6. Bc4 Nf6 7. Ng5 Be6 8. Nxe6 fxe6 9. 0-0 e5 10. c3 b5 11. Bb3 Qb6 12. cxd4 Qxd4+ 13. Qxd4 exd4 14. e5 Nd5 15. Nd2 Nd7 16. a4 N7b6 17. a5 Nd7 18. Bxd5 cxd5 19. Nb3 Rc8 20. Bf4 Bc5 21. Rac1 Ke7 22. e6 Kxe6 23. Rce1+ Kf7 24. Bd6+ Kg6 25. Re6+ Kh5 26. Rf5+ g5 27. Rxd5 Bxd6 28. Rdxd6 Nc5 29. Rh6+ Kg4 30. Rxd4+ Ne4 31. Rxe4+ Kf5 32. Rhe6 g4 33. Nd4+ Kg5 34. R4e5+ Kf4 35. Ne2# 1-0

[Event "Rhein Main op-B 21st"]
[Site "Bad Homburg"]
[Date "2018.05.31"]
[Round "2"]
[White "Von Wahden, Jens"]
[Black "Welker, Alexandra"]
[Result "1-0"]
[WhiteElo "1572"]
[BlackElo "1084"]
[PlyCount "91"]
[EventDate "2018.05.30"]
[EventType "swiss"]
[EventRounds "7"]
[EventCountry "GER"]
[SourceTitle "EXT 2019"]
[Source "ChessBase"]
[SourceDate "2018.10.10"]
[SourceVersion "1"]
[SourceVersionDate "2018.10.10"]
[SourceQuality "1"]

1. d4 d5 2. c4 e6 3. Nc3 Nf6 4. Bg5 Bb4 5. Nf3 Nbd7 6. a3 Bxc3+ 7. bxc3 h6 8. Bh4 0-0 9. e3 b6 10. cxd5 exd5 11. Bd3 c5 12. 0-0 Nb8 13. e4 c4 14. Bc2 g5 15. Nxg5 Nxe4 16. Nf3 Qd6 17. Bxe4 dxe4 18. Ne5 Nc6 19. Nxc4 Qd5 20. Ne3 Qd6 21. Re1 Bd7 22. Nc4 Qd5 23. Nd2 Rfe8 24. Re3 Kf8 25. Qe2 b5 26. Rxe4 Rxe4 27. Qxe4 Qxe4 28. Nxe4 Re8 29. Nf6 Be6 30. Nxe8 Kxe8 31. f3 Bc4 32. Kf2 a5 33. Ke3 b4 34. axb4 axb4 35. cxb4 Nxb4 36. Ra8+ Kd7 37. Rh8 Nd5+ 38. Kf2 Nf4 39. Rxh6 Nd3+ 40. Ke3 f5 41. Rf6 f4+ 42. Rxf4 Nxf4 43. Kxf4 Bf7 44. Ke5 Bc4 45. f4 Bd3 46. g4 1-0

[Event "Rhein Main op-B 21st"]
[Site "Bad Homburg"]
[Date "2018.05.30"]
[Round "1"]
[White "Francke, Helmut"]
[Black "Von Wahden, Jens"]
[Result "1-0"]
[WhiteElo "1924"]
[BlackElo "1572"]
[PlyCount "95"]
[EventDate "2018.05.30"]
[EventType "swiss"]
[EventRounds "7"]
[EventCountry "GER"]
[SourceTitle "EXT 2019"]
[Source "ChessBase"]
[SourceDate "2018.10.10"]
[SourceVersion "1"]
[SourceVersionDate "2018.10.10"]
[SourceQuality "1"]

1. Nf3 Nf6 2. g3 e6 3. Bg2 d5 4. d3 Be7 5. 0-0 0-0 6. Nbd2 c5 7. e4 Nc6 8. Qe2 Qc7 9. Re1 Re8 10. e5 Nd7 11. Nf1 b6 12. Bf4 Bb7 13. h4 Bf8 14. N1h2 Ne7 15. Ng4 d4 16. Nf6+ gxf6 17. exf6 Qd8 18. fxe7 Qxe7 19. Bh3 Bg7 20. Ne5 Nxe5 21. Bxe5 f6 22. Bf4 e5 23. Bd2 Qc7 24. Bf5 Bc8 25. Bxh7+ Kf8 26. Qh5 Be6 27. Re4 Bf7 28. Bg6 Bd5 29. Rg4 Bf3 30. Bxe8 Bxg4 31. Qxg4 Rxe8 32. Re1 Qf7 33. Qf5 Qe6 34. Qxe6 Rxe6 35. Kg2 f5 36. Kf3 Kf7 37. g4 fxg4+ 38. Kxg4 Kg6 39. Bg5 Bh6 40. f4 Kg7 41. Rxe5 Rc6 42. Re7+ Kf8 43. Rxa7 Bxg5 44. hxg5 Re6 45. Kf5 Re2 46. Kf6 Ke8 47. g6 Rxc2 48. g7 1-0